000 00486nam a2200157 i 4500
001 49546
003 ES-MaACL
007 t|
008 030717s1944 ag ||||1| spa d
100 1 _aCosta Bertani, Guido.
_941087
245 1 0 _aReumatismos crónicos y afecciones concomitantes /
_cpor Guido Costa Bertani.
250 _a1ª ed.
260 _aBuenos Aires :
_bEl Ateneo,
_c1944 (
_fTalls. Gráfs. Manuel Cabrera)
300 _a440 p. ;
_c23 cm.
852 _aES-MaACL
_jE-603
_bR.21617
999 _c49546
_d49546